[Event "Landesliga S9596 Bayern"]
[Site "Germany"]
[Date "1996.??.??"]
[Round "?"]
[White "Schneider, Richard"]
[Black "Engelbrecht, Alfred"]
[Result "1-0"]
[WhiteElo "2215"]
[BlackElo "2200"]

1.Nf3 d5 2.c4 c6 3.b3 Nf6 4.Bb2 Bf5 5.e3 e6 6.Be2 h6 7.O-O Bd6 8.d4 O-O 9.Nbd2 Nbd7
10.Ne5 Ne4 11.f4 Nxd2 12.Qxd2 f6 13.Nf3 Be4 14.a4 Qe7 15.Bd3 Bxd3 16.Qxd3 f5
17.c5 Bc7 18.b4 a6 19.b5 axb5 20.axb5 g5 21.g3 g4 22.Nh4 Qf7 23.Bc3 Nf6 24.Rfb1 Ne4
25.Be1 Qe8 26.Qb3 Rxa1 27.Rxa1 cxb5 28.Ra7 Qc6 29.Ba5 Bb8 30.Ra8 Kf7 31.Bb6 Rc8
32.Ra5 Bc7 33.Rxb5 Bb8 34.Ba5 b6 35.Rxb6 Qe8 36.Rb7+ Kf6 37.Rh7 Qc6  1-0

[Event "BL2-N9596"]
[Site "Germany"]
[Date "1996.??.??"]
[Round "?"]
[White "Sieg, Ulrich"]
[Black "Salzenberg, Dirk"]
[Result "1-0"]
[WhiteElo "2325"]
[BlackElo "2220"]

1.Nf3 d5 2.c4 c6 3.d4 Nf6 4.cxd5 cxd5 5.Nc3 Nc6 6.Bf4 a6 7.Ne5 e6 8.e3 Be7
9.Bd3 Bd7 10.O-O b5 11.Rc1 Qb6 12.Nxd7 Nxd7 13.Qg4 Bf6 14.Rfd1 Ne7 15.Qg3 O-O
16.Bc7 Qa7 17.a4 Rfc8 18.Bd6 bxa4 19.Nxa4 Rxc1 20.Rxc1 Rc8 21.Rxc8+ Nxc8
22.Nc5 Nxc5 23.Bxc5 Qb7 24.b4 Bd8 25.Qf3 Na7 26.Qe2 Nb5 27.Qc2 g6 28.g3 Kg7
29.h4 h5 30.Qe2 Nc3 31.Qf1 Nb5 32.Kg2 Bf6 33.Qe2 Bd8 34.Qf3 a5 35.bxa5 Bxa5
36.g4 hxg4 37.Qxg4 f5 38.Qf4 Bd8 39.Qe5+ Kf7 40.Qh8  1-0

[Event "Landesliga N9596 Bayern"]
[Site "Germany"]
[Date "1996.??.??"]
[Round "?"]
[White "Gerstorfer, Werner"]
[Black "Rebscher, Ralf"]
[Result "1/2-1/2"]
[WhiteElo "2005"]
[BlackElo "1940"]

1.Nf3 d5 2.c4 Nf6 3.cxd5 Nxd5 4.Nc3 e6 5.g3 Be7 6.Bg2 O-O 7.O-O c5 8.d3 Nc6
9.a3 Bf6 10.Qc2 Nxc3 11.bxc3 Bd7 12.Rb1 b6 13.Nd2 Rc8 14.f4 Ne7 15.e4 Bc6
16.Nc4 b5 17.Ne3 g6 18.Ng4 Bg7 19.Ne5 Be8 20.Kh1 Nc6 21.Nf3 a6 22.Be3 Qe7
23.e5 Bd7 24.Qf2 Nb8 25.Ra1 Rfd8 26.d4 cxd4 27.Bxd4 Bf8 28.Nd2 Nc6 29.Bb6 Re8
30.Ne4 Nb8 31.Nf6+ Kg7 32.Nxe8+ Bxe8 33.Ba5 Nc6 34.Bb4 Nxb4 35.cxb4 Bc6 36.Rac1 Bxg2+
37.Qxg2 Rd8 38.Rfd1 Rxd1+ 39.Rxd1 Qc7 40.Qd2 Qc4 41.Qd3 Qc6+ 42.Kg1 a5 43.Rb1 axb4
44.axb4 Qb6+ 45.Kg2 Qc6+ 46.Kh3 h5 47.Rb3 Be7 48.Rb1 Qa6 49.Qe4 Qa4 50.Qd3 Qa2
51.Qd1 Qf2 52.Qd3 Qa2 53.Rd1 Qf2 54.Qxb5 Qf3 55.Rd7 Bxb4 56.Qxb4 Qg4+ 57.Kg2 Qe2+
58.Kg1 Qe3+  1/2-1/2

[Event "Landesliga N9596 Bayern"]
[Site "Germany"]
[Date "1996.??.??"]
[Round "?"]
[White "Stierhof, Michael"]
[Black "Schulze, Harald"]
[Result "1-0"]
[WhiteElo "2000"]
[BlackElo "2120"]

1.Nf3 d5 2.c4 c6 3.b3 Nf6 4.Bb2 Bf5 5.g3 e6 6.Bg2 Be7 7.O-O O-O 8.d3 h6 9.Nbd2 Nbd7
10.a3 Qc7 11.b4 dxc4 12.Nxc4 Nb6 13.Na5 Nfd7 14.Qb3 e5 15.d4 Be6 16.Qc2 f6
17.Nh4 Rfc8 18.Be4 Nf8 19.dxe5 fxe5 20.Nf5 Bf6 21.Rac1 Nd5 22.Rfd1 Rd8 23.Nc4 Rd7
24.Rd3 Rad8 25.h4 Nb6 26.Na5 Rxd3 27.Bxd3 Nc8 28.Bc4 Kh8 29.Bd3 Ne7 30.Nxe7 Qxe7
31.Be4 Bd5 32.Bxd5 Rxd5 33.e4 Rd7 34.Nc4 Ng6 35.h5 Nf8 36.Rd1 c5 37.b5 Qe6
38.Rxd7 Nxd7 39.Qd3 Nb6 40.Nxb6 Qxb6 41.Qd7 a6 42.Qe8+ Kh7 43.Qg6+ Kg8 44.Bxe5 axb5
45.Qe8+ Kh7 46.Bxf6 Qxf6 47.e5 Qc6 48.Qf7  1-0

[Event "Landesliga Nord 9697 Bayern"]
[Site "Germany"]
[Date "1996.??.??"]
[Round "?"]
[White "Gerstorfer, Werner"]
[Black "Berreth, Marc"]
[Result "1/2-1/2"]
[WhiteElo "2000"]
[BlackElo "2030"]

1.Nf3 d5 2.c4 c6 3.b3 Bg4 4.g3 Bxf3 5.exf3 Nd7 6.Bg2 Ngf6 7.O-O e5 8.d4 Bd6
9.Bb2 O-O 10.cxd5 Nxd5 11.Nc3 Nxc3 12.Bxc3 exd4 13.Bxd4 Be5 14.f4 Bxd4 15.Qxd4 Nf6
16.Qc4 Qb6 17.a4 Rad8 18.a5 Qd4 19.a6 Qxc4 20.bxc4 b5 21.cxb5 cxb5 22.Rfb1 Rb8
23.Bb7 Ne8 24.Rxb5 Nd6 25.Rbb1 Rfd8 26.Ra4 Kf8 27.Rab4 Ne8 28.Kg2 Nc7 29.Ra4 Ne6
30.Rc4 Rd6 31.Rbc1 g6 32.g4 Nd8 33.Rc8 Rxc8 34.Rxc8 Ke7 35.Ra8 Nc6 36.Bxc6 Rxc6
37.Rxa7+ Kf6 38.Ra8 h5 39.gxh5 gxh5 40.a7 Ra6 41.Rh8 Rxa7 42.Rxh5 Ra3 43.f3 Kg6
44.Rg5+ Kh6 45.Kg3 Ra2 46.h4 Ra1 47.Kg4 Rh1 48.h5 Rf1 49.Ra5 Rb1 50.Ra6+ Kg7
51.h6+ Kh7 52.Kg5 Rg1+ 53.Kf5 Rg3 54.Rf6 Rxf3 55.Rxf7+ Kxh6 56.Ke6 Ra3 57.Rd7 Ra6+
58.Rd6 Ra7 59.Kf6 Kh7 60.f5 Ra8 61.Ke7 Kg8 62.f6 Ra7+ 63.Ke6 Ra8 64.Rd7 Ra6+
65.Ke7 Ra8 66.Ke6 Ra6+ 67.Kf5 Ra1 68.Rg7+ Kf8  1/2-1/2

[Event "NRW-Liga II 9596"]
[Site "Germany"]
[Date "1996.??.??"]
[Round "?"]
[White "Odendahl, Reiner"]
[Black "Barsov, Alexei"]
[Result "0-1"]
[WhiteElo "2370"]
[BlackElo "2470"]

1.Nf3 d5 2.c4 e6 3.g3 dxc4 4.Bg2 a6 5.a4 Nc6 6.Qc2 Na5 7.Na3 Qd5 8.O-O Nf6
9.Rd1 Bd7 10.d3 Nb3 11.Rb1 Bxa4 12.Nxc4 Qb5 13.Rf1 Nd5 14.e4 Nb4 15.Qe2 Rd8
16.Bf4 Nxd3 17.Bxc7 Rd7 18.Nb6 Rxc7 19.Nxa4 Qxa4 20.Qxd3 Be7 21.Nd2 Nxd2
22.Qxd2 O-O 23.Rfd1 g6 24.b3 Qb4 25.Qxb4 Bxb4 26.Bf1 Rfc8 27.Bd3 Kf8 28.Kf1 Ke7
29.Ke2 Rc3 30.e5 R8c5 31.f4 Ra5 32.Rb2 Ra3 33.Bc2 Rc7 34.Be4 Bc3 35.Rbb1 Ra2+
36.Kd3 Bb4 37.Rbc1 Rd7+ 38.Ke3 Bd2+ 39.Rxd2 Raxd2 40.Bxb7 R2d3+ 41.Ke2 Rxb3
42.Bxa6 Rb2+ 43.Kf3 Rxh2 44.Bb5 Rb7 45.Bc6 Rb3+ 46.Kg4 h5+ 47.Kg5 Rxg3+ 48.Kh6 Rd2
49.Bb5 Rd5 50.Rc7+ Kd8  0-1

[Event "Bodensee-Cup"]
[Site "Germany"]
[Date "1996.??.??"]
[Round "2"]
[White "Hecht, Hans Joachim"]
[Black "Costa, Jean Luc"]
[Result "1-0"]
[WhiteElo "2395"]
[BlackElo "2410"]

1.Nf3 d5 2.c4 c6 3.d4 e6 4.Qc2 Nf6 5.Nbd2 Nbd7 6.e3 Bd6 7.Bd3 O-O 8.O-O Re8
9.e4 e5 10.cxd5 cxd5 11.exd5 exd4 12.Nc4 Ne5 13.Ncxe5 Bxe5 14.Bg5 h6 15.Bh4 Qxd5
16.Bc4 Qe4 17.Qxe4 Nxe4 18.Nxe5 Rxe5 19.Rfe1 Re8 20.Rad1 Bf5 21.Rxd4 g5 22.f3 gxh4
23.fxe4 Re7 24.Bxf7+ Kxf7 25.Rf1 Kg6 26.exf5+ Kg5 27.h3 h5 28.Rd6 Rg8 29.f6 Rf7
30.Rd5+ Kg6 31.Rff5 Rh8 32.Rg5+ Kxf6 33.Rxh5 Rhh7 34.Rdf5+  1-0

[Event "Gleisdorf ch"]
[Site "Gleisdorf"]
[Date "1996.??.??"]
[Round "4"]
[White "Szith, Gregor"]
[Black "Jahrbacher, H."]
[Result "1-0"]
[WhiteElo "1795"]
[BlackElo "1885"]

1.Nf3 d5 2.c4 d4 3.b4 g6 4.g3 Bg7 5.d3 e5 6.Nbd2 Ne7 7.Bg2 O-O 8.O-O c6 9.a4 Nd7
10.b5 f5 11.Rb1 c5 12.Ba3 Rb8 13.Nb3 b6 14.a5 Bb7 15.axb6 axb6 16.Ng5 Rf6
17.Bxb7 Rxb7 18.Ra1 h6 19.Nf3 e4 20.Ne1 g5 21.Bc1 Rg6 22.Ra3 Nf6 23.Qc2 h5
24.Ng2 h4 25.gxh4 gxh4 26.Kh1 Rxg2 27.Kxg2 Qd6 28.Ra8+ Kf7 29.Qd2 Ng4 30.Qf4 Be5
31.Qg5 Nxh2 32.Rh1 h3+ 33.Kxh3 Ng4 34.Kg2 Qg6 35.Qxg6+ Kxg6 36.f3 Nf6 37.fxe4 fxe4
38.dxe4 Nxe4 39.Nd2 Nd6 40.Ra4 Nef5 41.Nf3 Bg7 42.Nh4+ Nxh4+ 43.Rxh4 Re7
44.Kf3 Rf7+ 45.Rf4 Rxf4+ 46.Bxf4 Nf5 47.Ra6  1-0

[Event "Gran Canaria op"]
[Site "Gran Canaria"]
[Date "1996.??.??"]
[Round "?"]
[White "Sarmiento, Braulio Alfonso"]
[Black "Galvan, Jose Luis"]
[Result "1-0"]
[WhiteElo "2330"]
[BlackElo "2095"]

1.Nf3 d5 2.c4 c6 3.d4 Nf6 4.Nc3 dxc4 5.e4 b5 6.e5 Nd5 7.a4 Bb7 8.e6 f6 9.Ne4 Qc8
10.Nc5 Na6 11.Nxb7 Qxb7 12.axb5 cxb5 13.b3 Qc6 14.bxc4 bxc4 15.Qa4 Qxa4 16.Rxa4 Nac7
17.Bxc4 Nb6 18.Bb3 Nxa4 19.Bxa4+ Kd8 20.d5 Nxd5 21.O-O Kc7 22.Bb3 Rd8 23.Rd1 Nc3
24.Bf4+ Kc8 25.Rc1 Rd3 26.Bd2 g6 27.Bxc3 Kb8 28.Bc4 Rd6 29.Bd2 g5 30.Bb4 Rb6
31.Bc5 Rb2 32.Ba6 Bh6 33.g4 Rd8 34.Nd4 Ra2 35.Rb1+  1-0

[Event "Graz op"]
[Site "Graz"]
[Date "1996.??.??"]
[Round "?"]
[White "Mohr, Georg"]
[Black "Novikov, Igor A"]
[Result "1/2-1/2"]
[WhiteElo "2495"]
[BlackElo "2590"]

1.Nf3 d5 2.c4 e6 3.g3 dxc4 4.Qa4+ Nd7 5.Bg2 a6 6.Qxc4 b5 7.Qc2 Bb7 8.O-O c5
9.d3 Ngf6 10.a4 Be7 11.Nc3  1/2-1/2

[Event "GRE-ch95"]
[Site "GRE"]
[Date "1996.??.??"]
[Round "3"]
[White "Grivas, Efstratios"]
[Black "Porfiriadis, Sotirios"]
[Result "1-0"]
[WhiteElo "2475"]
[BlackElo "2320"]

1.Nf3 d5 2.c4 c6 3.b3 Nf6 4.Bb2 Bf5 5.g3 e6 6.Bg2 h6 7.O-O Nbd7 8.d3 Be7
9.Nbd2 O-O 10.a3 a5 11.Qc2 Bh7 12.Rfc1 Qb6 13.Qd1 Rfe8 14.Bc3 c5 15.cxd5 exd5
16.a4 Qe6 17.d4 b6 18.e3 Ne4 19.Nxe4 Bxe4 20.Ra2 Nf6 21.Rd2 c4 22.Ra2 Rac8
23.Nd2 Bxg2 24.Kxg2 h5 25.bxc4 dxc4 26.Rac2 h4 27.Bb2 h3+ 28.Kg1 Qc6 29.Qf1 Qxa4
30.Qxh3 b5 31.Qf5 Bb4 32.Nb1 Ne4 33.Kg2 g6 34.Qf3 c3 35.Bxc3 Bxc3 36.Nxc3 Nxc3
37.Rxc3 Rxc3 38.Rxc3 b4 39.Rc7 Rf8 40.Qd5  1-0

[Event "SLO-ch"]
[Site "Grize"]
[Date "1996.??.??"]
[Round "?"]
[White "Mohr, Georg"]
[Black "Mencinger, Vojko"]
[Result "1-0"]
[WhiteElo "2510"]
[BlackElo "2390"]

1.Nf3 d5 2.c4 c6 3.e3 Nf6 4.Nc3 e6 5.Qc2 Nbd7 6.b3 Bd6 7.Bb2 O-O 8.h3 a6
9.g4 b5 10.g5 Ne8 11.h4 b4 12.Na4 e5 13.c5 Bb8 14.e4 d4 15.Bc4 Kh8 16.O-O-O Qe7
17.Rdg1 Ba7 18.h5 Nxc5 19.Nxc5 Bxc5 20.Nh4 Qd6 21.Qd3 Nc7 22.Qg3 Be6 23.Nf5 Bxf5
24.exf5 Nd5 25.g6 h6 26.Rh4 f6 27.Re4 a5 28.Kc2 a4 29.Bc1 Nb6 30.Be6 axb3+
31.Bxb3 Nd5 32.d3 Rfb8 33.Bxh6 Ra7 34.Bd2 Rba8 35.Ra1 Qd8 36.h6  1-0

[Event "Hallsberg op"]
[Site "Hallsberg"]
[Date "1996.??.??"]
[Round "4"]
[White "Fridman, Daniel"]
[Black "Hellsten, Johan"]
[Result "1/2-1/2"]
[WhiteElo "2500"]
[BlackElo "2475"]

1.Nf3 d5 2.c4 c6 3.e3 Nf6 4.b3 Bf5 5.Bb2 e6 6.Be2 h6 7.O-O Be7 8.d3 O-O 9.Re1 Bh7
10.Nbd2 a5 11.a3 Nbd7 12.Qc2 Qb8 13.Rac1 Rd8 14.cxd5 cxd5 15.Qb1 Qa7 16.Nd4 Ne8
17.Nb5 Qb6 18.a4 Rdc8 19.Bd4 Qd8 20.Nf3 Nd6 21.Nxd6 Bxd6 22.Bb2 Nf6 23.Qa1 Ne8
24.Rxc8 Rxc8 25.Rc1 Rxc1+ 26.Qxc1 Bb4 27.Ba3 Bxa3 28.Qxa3 Qc7 29.Qb2  1/2-1/2

[Event "Hamburg HSK"]
[Site "Hamburg"]
[Date "1996.??.??"]
[Round "7"]
[White "Loeffler, Stefan"]
[Black "Mueller, Karsten"]
[Result "1-0"]
[WhiteElo "2410"]
[BlackElo "2490"]

1.Nf3 d5 2.c4 c6 3.e3 Nf6 4.Nc3 e6 5.b3 Bd6 6.Bb2 O-O 7.Qc2 a6 8.d4 Nbd7
9.Be2 b5 10.O-O Bb7 11.e4 dxe4 12.Nxe4 Nxe4 13.Qxe4 Nf6 14.Qh4 bxc4 15.bxc4 c5
16.Rad1 Ne4 17.d5 exd5 18.cxd5 Re8 19.Bc4 Bf8 20.Qg4 Nd6 21.Ne5 Qf6 22.Rfe1 Rad8
23.Bb3 Qf5 24.Qxf5 Nxf5 25.Nc6 Rxe1+ 26.Rxe1 Rc8 27.Na5 Ba8 28.Rc1 Nd6 29.Be5 c4
30.Bxd6 Bxd6 31.Rxc4 Re8 32.Rc1 Bc7 33.Nc6 Bxc6 34.dxc6 g6 35.Kf1 Kg7 36.Bc4 a5
37.Rb1 Kf6 38.h4 Re4 39.Bd5 Rxh4 40.Rb7 Ke5 41.g3 Rb4 42.Rxc7 Kxd5 43.Rxf7 Kxc6
44.Rxh7 Ra4 45.Rg7 Rxa2 46.Rxg6+ Kb5 47.g4 a4 48.Rg8 Rc2 49.g5 a3 50.Ra8 Kb4
51.g6 Rc7 52.Ke2 Rg7 53.Ra6 a2 54.Rxa2 Rxg6 55.Rc2 Rg8 56.Rc7 Re8+ 57.Kd3 Rd8+
58.Ke3 Re8+ 59.Kd4 Rf8 60.Rb7+ Ka3 61.Ke3 Re8+ 62.Kd2 Rf8 63.Ke2 Re8+ 64.Kf1 Rf8
65.Rb5 Ka4 66.Re5 Kb4 67.Ke2 Kc4 68.Ke3 Rh8 69.f4 Rh1 70.Ke4 Rf1 71.f5 Rf2
72.Re6 Kc5 73.Ke5 Rf1 74.Re7 Kc6 75.Ke6 Re1+ 76.Kf7 Rf1 77.f6 Kd6 78.Kg7 Rf2
79.Re8 Rg2+ 80.Kf8 Kd7 81.f7 Rg1 82.Re4 Rg2 83.Rd4+ Kc6 84.Ke7 Re2+ 85.Kf6 Rf2+
86.Ke6 Kc5 87.Rd5+  1-0

[Event "Helsinki We op"]
[Site "Helsinki"]
[Date "1996.??.??"]
[Round "2"]
[White "Salo, Tapio"]
[Black "Paasikangas, Johanna"]
[Result "1-0"]
[WhiteElo "2310"]
[BlackElo "2200"]

1.Nf3 d5 2.c4 c6 3.d4 f5 4.g3 e6 5.Bg2 Nf6 6.O-O Bd6 7.Bf4 Bxf4 8.gxf4 Nh5
9.e3 Nd7 10.Nbd2 Ndf6 11.Ne5 Rg8 12.Bf3 g6 13.Kh1 Ng7 14.b4 Ne4 15.b5 cxb5
16.cxb5 Bd7 17.a4 Ke7 18.Rc1 Nxd2 19.Qxd2 Kf6 20.Qb4 Ne8 21.Be2 h6 22.a5 g5
23.b6 a6 24.Rg1 g4 25.Bxg4 Bb5 26.Bh5 Qd6 27.Qe1  1-0

[Event "ROM-chT"]
[Site "Herculane"]
[Date "1996.??.??"]
[Round "?"]
[White "Olarasu, Gabriela"]
[Black "Marin Ionescu, Luiza"]
[Result "1-0"]
[WhiteElo "2295"]
[BlackElo "2240"]

1.Nf3 d5 2.c4 c6 3.b3 Bg4 4.Bb2 Nd7 5.e3 e6 6.h3 Bxf3 7.Qxf3 Ngf6 8.Qd1 Bd6
9.Be2 Qe7 10.d3 e5 11.Nd2 O-O 12.O-O e4 13.cxd5 cxd5 14.dxe4 dxe4 15.Nc4 Bc5
16.Bg4 Nxg4 17.Qxg4 f5 18.Qe2 Rac8 19.Rad1 Rc6 20.Qd2 Nb6 21.Nxb6 Bxb6 22.Qd5+ Kh8
23.Qd7 Qg5 24.Be5 Rg6 25.g3 h5 26.Bf4 Qd8 27.Qxb7 Qe8 28.h4 Qb5 29.Qe7 Rff6
30.Rd7 Qe2 31.Bh6 Rxg3+ 32.fxg3 Bxe3+ 33.Bxe3 Qxe3+ 34.Kg2 Rg6 35.Qe5 Qe2+
36.Rf2 Qe1 37.Rxf5  1-0

[Event "ROM-chT"]
[Site "Herculane"]
[Date "1996.??.??"]
[Round "?"]
[White "Grunberg, Mihai"]
[Black "Jiroveanu, George"]
[Result "1/2-1/2"]
[WhiteElo "2330"]
[BlackElo "2245"]

1.Nf3 d5 2.c4 c6 3.g3 Nf6 4.Bg2 e6 5.Qc2 Nbd7 6.O-O Bd6 7.d4 Ne4 8.Nbd2 Nxd2
9.Nxd2 f5 10.Rb1 Qe7 11.Nf3 O-O 12.Bf4 Bxf4 13.gxf4 Nf6 14.Ne5 Ng4 15.b4 Bd7
16.Rb3 Nxe5 17.fxe5 Be8 18.cxd5 cxd5 19.b5 Qd8 20.Rc1 Bd7  1/2-1/2

[Event "NLD-chT9697"]
[Site "Holland"]
[Date "1996.??.??"]
[Round "?"]
[White "Tondivar, Babak"]
[Black "Beulen, Marcel"]
[Result "1/2-1/2"]
[WhiteElo "2300"]
[BlackElo "2320"]

1.Nf3 d5 2.c4 c6 3.b3 Bg4 4.Ne5 Bf5 5.cxd5 cxd5 6.e3 Nf6 7.Bb5+ Bd7 8.Nxd7 Nbxd7
9.O-O g6 10.d4 Bg7 11.Nc3 O-O 12.Qe2 a6 13.Bd3 e5 14.dxe5 Nxe5 15.Bb2 d4
16.exd4 Qxd4 17.Ne4 Qxd3 18.Nxf6+ Bxf6 19.Qxd3 Nxd3 20.Bxf6 Rfe8 21.Rfd1 Nc5
22.f3 Rac8 23.Rac1 Kf8 24.Rc4 Re6 25.Bb2 Rec6 26.Rdc1 Ne6 27.Rxc6 Rxc6 28.Rxc6 bxc6
29.Ba3+ c5 30.Kf2 Ke7 31.Ke3 Kd6 32.g4 Kd5 33.Bc1 f5 34.gxf5 gxf5 35.Kd3 Nd4
36.Ke3 Ne6 37.Bb2 Kd6 38.Bf6 Kd5 39.Bc3 Kd6 40.Bb2 Kd5 41.Bh8 Kd6 42.Kf2 Nf4
43.Kg3 Ng6 44.Bc3 Kd5 45.Kf2 Nf4 46.Ke3 Ne6 47.Bd2 Ke5 48.Kd3 Kd5 49.Be3 Nd8
50.Bd2 Ne6 51.Bc3 Nf4+ 52.Ke3 Ng2+ 53.Kd3  1/2-1/2

[Event "Hawaii op"]
[Site "Honolulu"]
[Date "1996.??.??"]
[Round "?"]
[White "Wolski, Thomas"]
[Black "Takata, Reynolds"]
[Result "1-0"]
[WhiteElo "2310"]
[BlackElo "2290"]

1.Nf3 d5 2.c4 c6 3.b3 Nf6 4.Bb2 e6 5.g3 Bd6 6.Bg2 O-O 7.O-O Nbd7 8.d4 Ne4
9.Nbd2 f5 10.Ne1 Ndf6 11.Ndf3 f4 12.gxf4 Bxf4 13.Nd3 Ng4 14.h3 Ngxf2 15.Nxf2 Be3
16.Qd3 Bxf2+ 17.Rxf2 Nxf2 18.Kxf2 e5 19.dxe5 Bf5 20.Qe3 Be4 21.Kg3 Qc7 22.Ng5  1-0

[Event "HUN-chT2 9596"]
[Site "HUN"]
[Date "1996.??.??"]
[Round "9"]
[White "Pejko, Otomar"]
[Black "Vamos, Viktor"]
[Result "1-0"]
[WhiteElo "2215"]
[BlackElo "2145"]

1.Nf3 d5 2.c4 c6 3.g3 Bg4 4.Bg2 Nf6 5.Ne5 Bh5 6.cxd5 cxd5 7.Nc3 e6 8.g4 Bg6
9.h4 h5 10.Nxg6 fxg6 11.g5 Ng8 12.Qb3 Qd7 13.Nxd5 Nc6 14.Nf4 Kf7 15.Nxe6 Ke7
16.Nc5  1-0

[Event "HUN-chT1 9596"]
[Site "HUN"]
[Date "1996.??.??"]
[Round "13"]
[White "Csaba, Arpad"]
[Black "Szakolczai, Peter"]
[Result "1/2-1/2"]
[WhiteElo "2230"]
[BlackElo "2225"]

1.Nf3 d5 2.c4 c6 3.b3 Bg4 4.Bb2 Nd7 5.d3 Ngf6 6.Nbd2 e6 7.g3 Bd6 8.Bg2 O-O
9.O-O Re8 10.d4 Qc7 11.Rc1 Rad8 12.a3 Qb8 13.b4 e5 14.dxe5 Nxe5 15.cxd5 cxd5
16.Nd4 Nd3 17.Rc2 Nxb2 18.Rxb2 h6 19.N2f3 Ne4 20.Rb3 Be7 21.Ne1 Bd7 22.Rd3 Bf6
23.e3 Rc8 24.Nef3 Bg4 25.Qb3  1/2-1/2

[Event "ISR-ch"]
[Site "Jerusalem"]
[Date "1996.??.??"]
[Round "8"]
[White "Nor, Igal"]
[Black "Mikhalevski, Alexander"]
[Result "1/2-1/2"]
[WhiteElo "2295"]
[BlackElo "2460"]

1.Nf3 d5 2.c4 e6 3.b3 Nf6 4.g3 Be7 5.Bg2 O-O 6.Bb2 b6 7.O-O Bb7 8.d4 Nbd7
9.Nbd2 c5 10.cxd5 exd5 11.Rc1 Ne4 12.dxc5 Ndxc5 13.b4 Ne6 14.a3 a5 15.Qb3 axb4
16.axb4 Qd6 17.Nxe4 dxe4 18.Ne5 Qxb4 19.Qxb4 Bxb4 20.Rc4 Bc5 21.Bxe4 Bxe4
22.Rxe4 Rfd8 23.Nd3  1/2-1/2

[Event "JUG-ch sf"]
[Site "Kladovo"]
[Date "1996.??.??"]
[Round "?"]
[White "Vukanovic, Sasa"]
[Black "Todorovic, Goran M"]
[Result "1-0"]
[WhiteElo "2360"]
[BlackElo "2470"]

1.Nf3 d5 2.c4 e6 3.g3 Nf6 4.Bg2 c5 5.O-O Be7 6.b3 O-O 7.e3 Nc6 8.Bb2 d4 9.exd4 cxd4
10.Re1 Ne8 11.d3 f6 12.Ba3 e5 13.Bxe7 Qxe7 14.a3 a5 15.Nbd2 Nc7 16.Ne4 Na6
17.Qc2 f5 18.Ned2 Qd6 19.c5 Qxc5 20.Qxc5 Nxc5 21.Nxe5 Nxe5 22.Rxe5 Nxd3 23.Re7 f4
24.Bf1 Nc5 25.Rc1 b6 26.b4 axb4 27.axb4 Na6 28.Nc4 Rf6 29.Re8+ Kf7 30.Rxc8 Rxc8
31.Ne5+ Ke6 32.Rxc8 Nxb4 33.Re8+ Kd6 34.Nc4+ Kc5 35.Nd2  1-0

[Event "Klatovy op"]
[Site "Klatovy"]
[Date "1996.??.??"]
[Round "?"]
[White "Jurek, Josef"]
[Black "Kacirek, Petr"]
[Result "1-0"]
[WhiteElo "2345"]
[BlackElo "2275"]

1.Nf3 d5 2.c4 c6 3.d4 Nf6 4.Nc3 e6 5.Bg5 h6 6.Bxf6 Qxf6 7.e3 Nd7 8.Qd2 Bb4
9.a3 Bxc3 10.Qxc3 dxc4 11.Bxc4 c5 12.Rc1 cxd4 13.Qxd4 Qxd4 14.Nxd4 O-O 15.O-O Ne5
16.Be2 Bd7 17.Rc7 Bc8 18.Rfc1 a6 19.f4 Nd7 20.Bf3 Rb8 21.Nb3 Nf6 22.Rd1 Ne8
23.Re7 Nf6 24.Na5 Re8 25.Rc7 Kf8 26.Nxb7 Re7 27.Rxe7 Kxe7 28.Nd6 Bd7 29.Rd2 Rb3
30.e4 Ne8 31.Nxf7  1-0

[Event "SLO-ch U18"]
[Site "Kranj"]
[Date "1996.??.??"]
[Round "3"]
[White "Ivanovic, Andrej"]
[Black "Stojnic, Miodrag"]
[Result "0-1"]
[WhiteElo "1880"]
[BlackElo "2090"]

1.Nf3 d5 2.c4 c6 3.g3 Bg4 4.Bg2 Nf6 5.O-O e6 6.b3 Bd6 7.Bb2 Nbd7 8.d3 O-O
9.Nbd2 Qe7 10.a3 a5 11.Qc2 Rfe8 12.e4 dxe4 13.Nxe4 Nxe4 14.dxe4 e5 15.Rfd1 Rad8
16.Rd2 f6 17.h3 Bxf3 18.Bxf3 Nf8 19.Bg4 g6 20.h4 h5 21.Bh3 Bc5 22.Bc3 b6
23.a4 Rxd2 24.Bxd2 Rd8 25.Bh6 Qd6 26.Ra2 Qd3 27.Qxd3 Rxd3 28.Rd2 Rxg3+ 29.Kh2 Rxb3
30.Rd8 Kf7  0-1

[Event "Krasnodar op"]
[Site "Krasnodar"]
[Date "1996.??.??"]
[Round "11"]
[White "Poluljahov, Aleksandr"]
[Black "Tregubov, Pavel V"]
[Result "1/2-1/2"]
[WhiteElo "2480"]
[BlackElo "2470"]

1.Nf3 d5 2.c4 c6 3.d4 e6 4.Nbd2 Nf6 5.e3 b6 6.Bd3 Bb7 7.O-O Nbd7 8.b3 Be7
9.Qe2 O-O 10.Bb2 Rc8 11.Rfd1 Re8 12.e4 g6 13.e5  1/2-1/2

[Event "La Coruna op"]
[Site "La Coruna"]
[Date "1996.??.??"]
[Round "?"]
[White "Todorcevic, Miodrag"]
[Black "Alonso Martinez, Tomas"]
[Result "1-0"]
[WhiteElo "2460"]
[BlackElo "2260"]

1.Nf3 d5 2.c4 c6 3.b3 Nf6 4.Bb2 Bf5 5.g3 Nbd7 6.Bg2 e6 7.O-O Bd6 8.d3 Qe7
9.a3 O-O 10.Nc3 Bg6 11.Qc2 Rac8 12.Nh4 Rfe8 13.Nxg6 hxg6 14.e4 dxe4 15.dxe4 a5
16.Rfd1 Red8 17.Rd2 Nf8 18.Na4 Bc7 19.Rxd8 Rxd8 20.e5 Ng4 21.Qe2 Nh6 22.Bc3 Nf5
23.b4 Nd7 24.bxa5 Ra8 25.Qe1 Nc5 26.Nb6 Bxb6 27.axb6 Qd8 28.Rb1 Qd3 29.Bb4 Na6
30.Bf1 Qd4 31.Bc3 Qc5 32.a4 g5 33.a5 g4 34.Rd1 Qe7 35.Qe4 Qg5 36.Be2 Nh6
37.Bd2 Qf5 38.Qd4 Kh8 39.Bxh6 gxh6 40.Bxg4 Qg6 41.Bf3 Qf5 42.Kg2 Kg7 43.Qd6 Qc2
44.Rd4  1-0

[Event "La Valeta op"]
[Site "La Valeta"]
[Date "1996.??.??"]
[Round "3"]
[White "Grech, Joseph"]
[Black "Mifsud, Timothy"]
[Result "0-1"]
[WhiteElo "2205"]
[BlackElo "2230"]

1.Nf3 d5 2.c4 e6 3.b3 Nf6 4.Bb2 Be7 5.g3 O-O 6.Bg2 c5 7.O-O Nc6 8.d3 Qc7
9.Nbd2 b6 10.Rc1 d4 11.a3 Bb7 12.e4 dxe3 13.fxe3 Rad8 14.Qe2 Rd7 15.Ne1 Rfd8
16.Ne4 Nd4 17.Nxf6+ Bxf6 18.Bxb7 Qxb7 19.Bxd4 Bxd4 20.Rc2 Qa6 21.Qh5 Bf6
22.Qg4 Kh8 23.a4 Qa5 24.Rcf2 Qc3 25.Qd1 a6 26.Qc2 Kg8 27.Kg2 Qa5 28.Kf3 Bc3
29.Ke2 Bxe1 30.Rxe1 Rxd3 31.Kf3 Qxe1  0-1

[Event "Las Palmas op"]
[Site "Las Palmas"]
[Date "1996.??.??"]
[Round "5"]
[White "Lezcano Jaen, Pedro"]
[Black "Rausis, Igors"]
[Result "1/2-1/2"]
[WhiteElo "2320"]
[BlackElo "2495"]

1.Nf3 d5 2.c4 dxc4 3.Na3 a6 4.Nxc4 b5 5.Ne3 Bb7 6.b3 e5 7.Bb2 e4 8.Nd4 c5
9.Ndf5 f6 10.g4 h5  1/2-1/2

[Event "Lazne Bohdanec"]
[Site "Lazne Bohdanec"]
[Date "1996.??.??"]
[Round "3"]
[White "Vokac, Marek"]
[Black "Keitlinghaus, Ludger"]
[Result "0-1"]
[WhiteElo "2455"]
[BlackElo "2475"]

1.Nf3 d5 2.c4 c6 3.d4 Nf6 4.Nc3 a6 5.c5 Nbd7 6.Bf4 Nh5 7.Bd2 Nhf6 8.Qc2 g6
9.Bf4 Bg7 10.e3 Nh5 11.Bg5 h6 12.Bh4 g5 13.Bg3 Nxg3 14.hxg3 e5 15.O-O-O e4
16.Nd2 f5 17.Be2 O-O 18.f4 exf3 19.gxf3 Qe7 20.Nf1 b6 21.cxb6 Nxb6 22.e4 fxe4
23.fxe4 c5 24.Ne3 cxd4 25.Ncxd5 Nxd5 26.Nxd5 Qe5 27.Qc5 Kh8 28.Qe7 Qxe7 29.Nxe7 Rf2
30.Bd3 Be6 31.Rd2 Rf3 32.Nf5 Bxf5 33.exf5 Rxg3 34.f6 Bf8 35.Be4 Rd8 36.Rf1 d3
37.a3 h5 38.Rfd1 Rd6 39.f7 Kg7 40.Rxd3 Rgxd3 41.Rxd3 Kxf7 42.Rxd6 Bxd6 43.Kd1 a5
44.Ke2 Kf6 45.Bc6 g4 46.Bd7 Kg5 47.Kf2 Kf4 48.b4 Bxb4 49.axb4 axb4 50.Be6 h4
51.Kg2 g3 52.Bd5 Ke5 53.Bf7 Kd4 54.Kh3 Kc3  0-1

[Event "Lazne Bohdanec-B"]
[Site "Lazne Bohdanec"]
[Date "1996.??.??"]
[Round "6"]
[White "Pribyl, Martin"]
[Black "Krupkova, Petra"]
[Result "1/2-1/2"]
[WhiteElo "2325"]
[BlackElo "2300"]

1.Nf3 d5 2.c4 dxc4 3.Qa4+ c6 4.Qxc4 Nf6 5.d4 Bf5 6.Nc3 e6 7.Bg5 Be7 8.e3 h6
9.Bh4 Nbd7 10.Qb3 b5 11.Be2 O-O 12.O-O a5 13.a4 b4 14.Nb1 c5 15.Nbd2 Ne4
16.Bxe7 Nxd2 17.Nxd2 Qxe7 18.d5 Nb6 19.dxe6 Bxe6 20.Qc2 Rfd8 21.Rfd1 Ra7
22.Nc4 Nxc4 23.Bxc4 Bxc4 24.Qxc4 Rad7 25.Rxd7 Rxd7 26.Qc2 Qd8 27.h3 Rd2 28.Qxc5 Rd1+
29.Rxd1 Qxd1+ 30.Kh2 Qxa4 31.Qc8+ Kh7 32.Qf5+ Kg8 33.Qc8+  1/2-1/2

[Event "Legnica"]
[Site "Legnica"]
[Date "1996.??.??"]
[Round "8"]
[White "Nizialek, Ryszard"]
[Black "Sapis, Witalis"]
[Result "0-1"]
[WhiteElo "2180"]
[BlackElo "2470"]

1.Nf3 d5 2.c4 d4 3.d3 c5 4.e4 Nc6 5.g3 g6 6.Bg2 Bg7 7.O-O e5 8.Bg5 f6 9.Bd2 Nge7
10.Na3 O-O 11.Nc2 a5 12.Qc1 f5 13.b3 Qd6 14.Nfe1 f4 15.a3 g5 16.f3 h5 17.Rb1 b6
18.b4 a4 19.Rf2 Ng6 20.bxc5 bxc5 21.Rb6 Bd7 22.Bf1 Qc7 23.Rb2 Kh7 24.Ng2 Rfb8
25.Rxb8 Rxb8 26.Nce1 Rb3 27.Be2 Qb8 28.Bd1 Rb1 29.Qc2 Qb3 30.Bc1 Qxc2 31.Rxc2 Na5
32.gxf4 gxf4  0-1

[Event "Liechtenstein op"]
[Site "Liechtenstein"]
[Date "1996.??.??"]
[Round "7"]
[White "Habibi, Ali"]
[Black "Kuhn, Thomas"]
[Result "1-0"]
[WhiteElo "2405"]
[BlackElo "1900"]

1.Nf3 d5 2.c4 e6 3.b3 Nf6 4.e3 Bd6 5.Qc2 Nbd7 6.Bb2 dxc4 7.bxc4 b6 8.Be2 Bb7
9.Nc3 a6 10.d4 Qe7 11.e4 e5 12.d5 O-O 13.Nd2 c6 14.O-O Rfc8 15.Rac1 Qf8 16.Qb1 Bc5
17.Nb3 Bd4 18.dxc6 Bxc6 19.Nxd4 exd4 20.Nd5 Re8 21.Bd3 Bxd5 22.cxd5 Ne5 23.f3 Qb4
24.Rcd1 Nfd7 25.Be2 d3 26.Bxd3 Nxd3 27.Rxd3 Rac8 28.Rb3 Qd2 29.Rf2 Qa5 30.Bd4 Rc4
31.Be3 b5 32.g4 Rec8 33.Kg2 h6 34.Qd3 h5 35.gxh5 Ne5 36.Qd2 Qc7 37.Bf4 Qe7
38.Qb2 Nd7 39.h6 gxh6 40.Kh3 Kh7 41.Ra3 Nc5 42.Rg2 f5 43.Be5 Rg8 44.Rxg8 Kxg8
45.f4 Nxe4 46.Rxa6 Ng5+ 47.fxg5 Qxg5 48.Ra8+ Kf7 49.Ra7+ Kf8 50.Qa3+ b4 51.Ra8+ Kf7
52.Qa7+  1-0